Vyhláška o kvalifikačných predpokladoch pedagogických zamestnancov a odborných zamestnancov
Predstavenie novej vyhlášky č.173/2023 Z. z. o kvalifikačných predpokladoch pedagogických zamestnancov a odborných zamestnancov. Uvedenie príkladov z praxe z oblasti posudzovania plnenia kvalifikačných predpokladov, resp. neplnenia kvalifikačných predpokladov.
Saved in:
| Main Author: | |
|---|---|
| Format: | Book Chapter |
| Language: | Slovak |
| Subjects: | |
| Tags: |
No Tags, Be the first to tag this record!
|
MARC
| LEADER | 00000naa a2200000 4500 | ||
|---|---|---|---|
| 001 | 0296342 | ||
| 005 | 20240417075248.2 | ||
| 041 | 0 | |a slo | |
| 044 | |a SK | ||
| 245 | 1 | 0 | |a Vyhláška o kvalifikačných predpokladoch pedagogických zamestnancov a odborných zamestnancov |c Zdenka Matulová Juríková |
| 520 | |a Predstavenie novej vyhlášky č.173/2023 Z. z. o kvalifikačných predpokladoch pedagogických zamestnancov a odborných zamestnancov. Uvedenie príkladov z praxe z oblasti posudzovania plnenia kvalifikačných predpokladov, resp. neplnenia kvalifikačných predpokladov. | ||
| 610 | 2 | 0 | |a školstvo |
| 610 | 2 | 0 | |a legislatíva |
| 610 | 2 | 0 | |a úpravy právne |
| 610 | 2 | 0 | |a pedagógovia |
| 610 | 2 | 0 | |a zamestnanci odborní |
| 610 | 2 | 0 | |a kvalifikácia |
| 610 | 2 | 0 | |a vzdelanie |
| 100 | 1 | |a Matulová Juríková, Zdenka | |